| 000 | 00000nam 2200000zi 4500 |
| 001 | 9.936737 |
| 003 | CaOODSP |
| 005 | 20251031142449 |
| 006 | m o d f |
| 007 | cr cn||||||||| |
| 008 | 240412t20242024oncdb ob f000 0 eng d |
| 020 | |a9780660713526 |
| 040 | |aCaOODSP|beng|erda|cCaOODSP |
| 043 | |an-cn--- |
| 086 | 1 |aM183-2/9174E-PDF |
| 100 | 1 |aMacNaughton, R. B., |eauthor. |
| 245 | 10|aNeoproterozoic–Cambrian stratigraphy of the Mackenzie Mountains, northwestern Canada, part V : |bmeasured sections through Cryogenian, Ediacaran, and Cambrian units, NTS 105-P, 106-A, and 106-G / |cR.B. MacNaughton, M.P. Cecile, and W.C. Chan. |
| 264 | 1|a[Ottawa] : |bGeological Survey of Canada, |c2024. |
| 264 | 4|c©2024 |
| 300 | |a1 online resource (33 pages) : |bcharts, maps. |
| 336 | |atext|btxt|2rdacontent |
| 337 | |acomputer|bc|2rdamedia |
| 338 | |aonline resource|bcr|2rdacarrier |
| 490 | 1 |aOpen file, |x2816-7155 ; |v9174 |
| 504 | |aIncludes bibliographical references. |
| 520 | |a"Three measured sections through Cryogenian, Ediacaran, and early Cambrian units in the Mackenzie Mountains, N.W.T., are presented. Section CJA-77-41 is a downward extension of a published section, and includes the Keele, Sheepbed, Ravensthroat, Hayhook, Sheepbed, Backbone Ranges, and Sekwi formations. Sections 08MWB-S1 and 08MWB-S6 have appeared in print as graphic logs; the present report provides previously unpublished descriptive notes. The first of these sections includes the Twitya Formation and part of the Keele Formation; the second includes the uppermost Twitya Formation, the Ice Brook Formation (Stelfox Member), the Ravensthroat and Hayhook formations (both informal), the Sheepbed Formation, the Nadaleen Formation, and the Backbone Ranges Formation (lower member)"--Abstract, page 2. |
| 650 | 0|aStratigraphic correlation|zMackenzie Mountains (N.W.T. and Yukon) |
| 650 | 0|aGeology, Stratigraphic|yCambrian. |
| 650 | 6|aCorrélation stratigraphique|zMackenzie, Monts (T.N.-O. et Yukon) |
| 650 | 6|aStratigraphie|yCambrien. |
| 710 | 2 |aGeological Survey of Canada, |eissuing body. |
| 830 | #0|aOpen file (Geological Survey of Canada)|x2816-7155 ; |v9174.|w(CaOODSP)9.506878 |
| 856 | 40|qPDF|s4.72 MB|uhttps://publications.gc.ca/collections/collection_2025/rncan-nrcan/m183-2/M183-2-9174-eng.pdf |
| 856 | 4 |qHTML|sN/A|uhttps://doi.org/10.4095/phgu56y5rm |